[Event "British Rapidplay"]
[Site "Peterborough"]
[Date "2025.03.01"]
[Round "2.29"]
[White "Bramson, Mike"]
[Black "Fellowes, Billy"]
[Result "0-1"]
[WhiteElo "1895"]
[BlackElo "2203"]
[PlyCount "82"]
[EventDate "2025.03.01"]
[EventType "swiss (rapid)"]
[EventRounds "11"]
[EventCountry "ENG"]
[SourceTitle "BritBase"]
[Source "John Saunders"]
[SourceDate "2025.03.03"]
[SourceVersion "1"]
[SourceVersionDate "2025.03.03"]
[SourceQuality "2"]

1. e4 Nc6 2. Nc3 Nf6 3. d4 d6 4. Nf3 g6 5. h3 Bg7 6. Be3 O-O 7. Qd2 e5 8. d5 Ne7 9. Be2 Bd7 10. O-O b5 11. a3 c6 12. dxc6 Bxc6 13. Bd3 d5 14. exd5 Nfxd5 15. Bh6 Nxc3 16. Bxg7 Kxg7 17. Qxc3 f6 18. Be2 Rc8 19. Rad1 Qc7 20. Rd2 Nd5 21. Qb3 Nf4 22. Bxb5 Rb8 23. Bxc6 Rxb3 24. Rd7+ Qxd7 25. Bxd7 Rxb2 26. c4 Rd8 27. Bb5 e4 28. Nh2 Ne2+ 29. Kh1 Nc3 30. Ng4 Nxb5 31. cxb5 Rxb5 32. Rc1 Rd7 33. Rc6 f5 34. Ne3 f4 35. Nc4 Rb1+ 36. Kh2 Rc1 37. Ne5 Rxc6 38. Nxc6 Kf6 39. Kg1 Rd1+ 40. Kh2 e3 41. fxe3 fxe3 0-1

[Event "British Rapidplay"]
[Site "Peterborough"]
[Date "2025.03.01"]
[Round "2.30"]
[White "Naylor-Eade, Michael A"]
[Black "Verbytski, Oleg"]
[Result "0-1"]
[WhiteElo "1989"]
[BlackElo "2111"]
[PlyCount "76"]
[EventDate "2025.03.01"]
[EventType "swiss (rapid)"]
[EventRounds "11"]
[EventCountry "ENG"]
[SourceTitle "BritBase"]
[Source "John Saunders"]
[SourceDate "2025.03.03"]
[SourceVersion "1"]
[SourceVersionDate "2025.03.03"]
[SourceQuality "2"]

1. e4 c5 2. Nf3 d6 3. d4 cxd4 4. Nxd4 Nf6 5. Nc3 a6 6. Bg5 e6 7. f4 Nbd7 8. Qf3 Qc7 9. O-O-O b5 10. Bd3 Bb7 11. Rhe1 Be7 12. g4 Rc8 13. Bxf6 Nxf6 14. g5 Nd7 15. Qh5 Nc5 16. f5 g6 17. Qg4 e5 18. Bxb5+ axb5 19. Ndxb5 Qb6 20. f6 Bf8 21. Nd5 Qc6 22. c4 Qd7 23. Qf3 Ne6 24. Nb6 Qxb5 25. Nxc8 Qxc4+ 26. Kb1 Qxc8 27. Rc1 Qa8 28. h4 h6 29. Qb3 Nd4 30. Qb6 Bxe4+ 31. Ka1 Bd5 32. a3 Nb3+ 33. Kb1 Nxc1 34. Rxc1 Qb7 35. Qa5 Bc6 36. Qc3 hxg5 37. Re1 Be4+ 38. Ka1 Rxh4 0-1

[Event "British Rapidplay"]
[Site "Peterborough"]
[Date "2025.03.01"]
[Round "2.31"]
[White "Martin, Lewis"]
[Black "Taylor, Robert Keith"]
[Result "0-1"]
[WhiteElo "2050"]
[BlackElo "1896"]
[PlyCount "72"]
[EventDate "2025.03.01"]
[EventType "swiss (rapid)"]
[EventRounds "11"]
[EventCountry "ENG"]
[SourceTitle "BritBase"]
[Source "John Saunders"]
[SourceDate "2025.03.03"]
[SourceVersion "1"]
[SourceVersionDate "2025.03.03"]
[SourceQuality "2"]

1. e4 e5 2. Nf3 Nc6 3. Bb5 Nf6 4. d3 Bd6 5. O-O O-O 6. c3 Ne7 7. Re1 c6 8. Ba4 Bc7 9. Nbd2 Ng6 10. Nf1 h6 11. Ng3 d5 12. h3 Kh7 13. Be3 dxe4 14. dxe4 Be6 15. Qc2 Bb6 16. Rad1 Qc7 17. Nf5 Bxe3 18. Rxe3 Rfd8 19. Bb3 Rxd1+ 20. Qxd1 Rd8 21. Qc2 Nf4 22. Bxe6 Nxe6 23. Ne1 Nf4 24. Ng3 Qd7 25. Qb3 b6 26. Nf1 Kg8 27. Nf3 Qd6 28. N1d2 b5 29. Kh2 Nd7 30. c4 Nc5 31. Qc2 b4 32. a3 bxa3 33. Rxa3 Nfd3 34. Kg1 a6 35. Qc3 Nf4 36. b4 Ne2+ 0-1

[Event "British Rapidplay"]
[Site "Peterborough"]
[Date "2025.03.01"]
[Round "2.32"]
[White "Kennedy, Aden"]
[Black "Chopra, Manmay"]
[Result "0-1"]
[WhiteElo "1913"]
[BlackElo "2156"]
[PlyCount "136"]
[EventDate "2025.03.01"]
[EventType "swiss (rapid)"]
[EventRounds "11"]
[EventCountry "ENG"]
[SourceTitle "BritBase"]
[Source "John Saunders"]
[SourceDate "2025.03.03"]
[SourceVersion "1"]
[SourceVersionDate "2025.03.03"]
[SourceQuality "2"]

1. e4 Nc6 2. Nf3 d6 3. d4 g6 4. c4 Bg7 5. Nc3 e5 6. Be3 Bg4 7. d5 Nd4 8. Be2 Bxf3 9. Bxf3 c5 10. dxc6 bxc6 11. O-O Ne7 12. Be2 O-O 13. Qd2 f5 14. f3 f4 15. Bf2 c5 16. Bd1 g5 17. Rb1 a5 18. a3 Rb8 19. b4 axb4 20. axb4 Rxb4 21. Rxb4 cxb4 22. Bxd4 exd4 23. Nb5 Nc6 24. Bb3 Kh8 25. Rc1 Qb6 26. Nxd6 Na5 27. c5 Nxb3 28. cxb6 Nxd2 29. b7 b3 30. Rc8 b2 31. Nf7+ Kg8 32. b8=Q b1=Q+ 33. Qxb1 Nxb1 34. Rxf8+ Kxf8 35. Nxg5 d3 36. Kf1 Ke7 37. Nxh7 Bd4 38. Ng5 Be3 39. e5 d2 40. Ke2 Nc3+ 41. Kd3 d1=Q+ 42. Kxc3 Qd4+ 43. Kb3 Qd3+ 44. Kb4 Bd4 45. Ne4 Bxe5 46. h4 Qb1+ 47. Kc4 Qc2+ 48. Kb4 Qxg2 49. h5 Qxf3 50. Nc5 Bd6 51. h6 Bxc5+ 52. Kxc5 Qh5+ 53. Kd4 Qxh6 54. Ke4 Qe6+ 55. Kxf4 Kf6 56. Kg3 Qe4 57. Kf2 Qd3 58. Kg2 Qe3 59. Kf1 Qd2 60. Kg1 Qe2 61. Kh1 Kf5 62. Kg1 Kf4 63. Kh1 Kg3 64. Kg1 Qa2 65. Kf1 Kf3 66. Ke1 Ke3 67. Kd1 Kd3 68. Ke1 Qe2# 0-1

[Event "British Rapidplay"]
[Site "Peterborough"]
[Date "2025.03.01"]
[Round "2.33"]
[White "Walker, Martin Graham"]
[Black "Hng, Mei-Xian Eunice"]
[Result "1/2-1/2"]
[WhiteElo "2091"]
[BlackElo "2066"]
[PlyCount "63"]
[EventDate "2025.03.01"]
[EventType "swiss (rapid)"]
[EventRounds "11"]
[EventCountry "ENG"]
[SourceTitle "BritBase"]
[Source "John Saunders"]
[SourceDate "2025.03.03"]
[SourceVersion "1"]
[SourceVersionDate "2025.03.03"]
[SourceQuality "2"]

1. e4 d6 2. d4 Nf6 3. Nc3 g6 4. Nf3 Bg7 5. Be2 O-O 6. Be3 c6 7. Qd2 b5 8. a3 Bb7 9. O-O Nbd7 10. Rad1 Qc7 11. Bh6 a5 12. Bxg7 Kxg7 13. Bd3 e5 14. dxe5 dxe5 15. Ne2 Nc5 16. Ng3 h6 17. Nh4 Bc8 18. Qc3 Na4 19. Qb3 Be6 20. c4 Nc5 21. Qc2 Nxd3 22. Qxd3 Bxc4 23. Ngf5+ gxf5 24. Nxf5+ Kh7 25. Qh3 Ng8 26. Rd6 Be6 27. Qg4 Bxf5 28. Qxf5+ Kh8 29. Rd7 Qc8 30. Qxe5+ f6 31. Qf5 Ne7 32. Qe6 1/2-1/2

[Event "British Rapidplay"]
[Site "Peterborough"]
[Date "2025.03.01"]
[Round "2.34"]
[White "Young, Daniel J"]
[Black "Dicen, Elis Denele"]
[Result "1/2-1/2"]
[WhiteElo "1975"]
[BlackElo "2129"]
[PlyCount "120"]
[EventDate "2025.03.01"]
[EventType "swiss (rapid)"]
[EventRounds "11"]
[EventCountry "ENG"]
[SourceTitle "BritBase"]
[Source "John Saunders"]
[SourceDate "2025.03.03"]
[SourceVersion "1"]
[SourceVersionDate "2025.03.03"]
[SourceQuality "2"]

1. e4 e5 2. f4 d5 3. exd5 exf4 4. Nf3 Nf6 5. c4 Bd6 6. Bd3 O-O 7. O-O c6 8. Nc3 cxd5 9. cxd5 Bc5+ 10. Kh1 Nxd5 11. Bb1 Nc6 12. d4 Be7 13. Nxd5 Qxd5 14. Bxf4 Bf6 15. Ne5 Qxd4 16. Qc2 g6 17. Nxc6 bxc6 18. Qxc6 Be6 19. Bc2 Rac8 20. Qe4 Qxb2 21. Bh6 Rfe8 22. Ba4 Red8 23. Rab1 Qd4 24. Qxd4 Bxd4 25. Bb3 Bxb3 26. Rxb3 Rc7 27. h3 Bg7 28. Bg5 Re8 29. Rfb1 h6 30. Bf4 Rc4 31. Bh2 Rc2 32. Rb8 Rxb8 33. Rxb8+ Kh7 34. Bg1 Rc1 35. Rd8 Ra1 36. Rd7 Kg8 37. Rd8+ Kh7 38. Rd7 Rxa2 39. Rxa7 Rxa7 40. Bxa7 g5 41. g4 Kg6 42. Kg2 Be5 43. Kf3 f5 44. gxf5+ Kxf5 45. Bc5 h5 46. Be7 g4+ 47. hxg4+ hxg4+ 48. Kg2 Ke4 49. Bd8 Kf4 50. Ba5 Bd4 51. Bc7+ Kg5 52. Bd6 Kh5 53. Bb8 Be3 54. Bd6 Kg5 55. Be7+ Kf5 56. Bb4 Bf4 57. Bc3 Be5 58. Ba5 g3 59. Be1 Kg4 60. Bxg3 Bxg3 1/2-1/2

[Event "British Rapidplay"]
[Site "Peterborough"]
[Date "2025.03.01"]
[Round "2.35"]
[White "Fairhurst, Frederick"]
[Black "Mihalik, Agoston"]
[Result "0-1"]
[WhiteElo "1798"]
[BlackElo "2140"]
[PlyCount "64"]
[EventDate "2025.03.01"]
[EventType "swiss (rapid)"]
[EventRounds "11"]
[EventCountry "ENG"]
[SourceTitle "BritBase"]
[Source "John Saunders"]
[SourceDate "2025.03.03"]
[SourceVersion "1"]
[SourceVersionDate "2025.03.03"]
[SourceQuality "2"]

1. e4 c5 2. Nf3 e6 3. a3 a6 4. d4 cxd4 5. Nxd4 Qc7 6. Nc3 Nf6 7. Bg5 Be7 8. f4 d6 9. Qf3 Nbd7 10. g4 b5 11. O-O-O Rb8 12. h4 b4 13. axb4 Rxb4 14. h5 Qb6 15. Nb3 Bb7 16. Bxf6 Nxf6 17. f5 Nxe4 18. fxe6 O-O 19. Rh2 Bg5+ 20. Nd2 Nxd2 21. Qf5 Ne4+ 22. Rhd2 Bxd2+ 23. Rxd2 Nxd2 24. Kxd2 fxe6 25. Qxe6+ Kh8 26. h6 Qd4+ 27. Bd3 Qf4+ 28. Kd1 Qxh6 29. Qe7 Qf6 30. Qd7 Bf3+ 31. Kc1 Rfb8 32. Qa7 Qf4+ 0-1

[Event "British Rapidplay"]
[Site "Peterborough"]
[Date "2025.03.01"]
[Round "2.36"]
[White "Mirzoeva, Elmira"]
[Black "Murawski, Jan"]
[Result "1/2-1/2"]
[WhiteElo "2272"]
[BlackElo "2079"]
[PlyCount "132"]
[EventDate "2025.03.01"]
[EventType "swiss (rapid)"]
[EventRounds "11"]
[EventCountry "ENG"]
[SourceTitle "BritBase"]
[Source "John Saunders"]
[SourceDate "2025.03.03"]
[SourceVersion "1"]
[SourceVersionDate "2025.03.03"]
[SourceQuality "2"]

1. d4 Nf6 2. c4 e6 3. Nf3 d5 4. cxd5 exd5 5. Nc3 Be7 6. Bg5 h6 7. Bh4 c6 8. Qc2 O-O 9. e3 Ne4 10. Bxe7 Qxe7 11. Bd3 Bf5 12. O-O Nd7 13. Rab1 a5 14. Rbe1 Rfe8 15. Re2 Bg4 16. Ree1 Bxf3 17. gxf3 Ng5 18. Qe2 Nh3+ 19. Kh1 Qh4 20. Bf5 Nf6 21. Bxh3 Qxh3 22. Rg1 Nh5 23. Rg4 f5 24. Rgg1 Kh8 25. Nb1 Qh4 26. Qf1 Re6 27. Nd2 Rae8 28. Qg2 R8e7 29. Rc1 Nf6 30. Qg3 Qxg3 31. hxg3 g5 32. Nb3 b6 33. f4 Kg7 34. Kg2 Kg6 35. Rc2 Ne4 36. Rgc1 Rc7 37. f3 Nf6 38. Kf2 g4 39. Nd2 gxf3 40. Kxf3 Ng4 41. Nf1 h5 42. Rc3 Nf6 43. Rb3 Rb7 44. a4 Ne4 45. Rc2 Kf7 46. Ke2 Ke7 47. Kf3 Kd6 48. Rh2 Rh6 49. Rd3 Rbh7 50. Rh4 Rg7 51. Rd1 Rhg6 52. Rxh5 Nxg3 53. Nxg3 Rxg3+ 54. Ke2 Rg2+ 55. Kd3 Rxb2 56. Rxf5 Rgg2 57. Rf6+ Kd7 58. Rc1 Rb3+ 59. Rc3 Rbb2 60. Rc1 Rb3+ 61. Rc3 Rbb2 62. Rc1 Ra2 63. Rf7+ Kd6 64. Rf6+ Kd7 65. Rf7+ Kd6 66. Rf6+ Kd7 1/2-1/2

[Event "British Rapidplay"]
[Site "Peterborough"]
[Date "2025.03.01"]
[Round "2.37"]
[White "Kairat, Alexander"]
[Black "Kothari, Jai"]
[Result "0-1"]
[WhiteElo "1656"]
[BlackElo "2035"]
[PlyCount "52"]
[EventDate "2025.03.01"]
[EventType "swiss (rapid)"]
[EventRounds "11"]
[EventCountry "ENG"]
[SourceTitle "BritBase"]
[Source "John Saunders"]
[SourceDate "2025.03.03"]
[SourceVersion "1"]
[SourceVersionDate "2025.03.03"]
[SourceQuality "2"]

1. e4 c5 2. Nf3 Nc6 3. d4 cxd4 4. Nxd4 g6 5. Nc3 Bg7 6. Be3 Nf6 7. Bc4 O-O 8. O-O d6 9. h3 Bd7 10. Qd2 a6 11. a4 Rc8 12. Nxc6 Bxc6 13. Bd5 Qd7 14. f3 e6 15. Bxc6 Qxc6 16. Bh6 d5 17. Bxg7 Kxg7 18. e5 Nd7 19. f4 Nb6 20. Rf2 Nc4 21. Qc1 Nxb2 22. Nxd5 Nd3 23. Ne7 Qc5 24. cxd3 Qxc1+ 25. Rxc1 Rxc1+ 26. Kh2 Rc7 0-1

[Event "British Rapidplay"]
[Site "Peterborough"]
[Date "2025.03.01"]
[Round "2.38"]
[White "Zhang, Junyi"]
[Black "Bowers, Francis J"]
[Result "1-0"]
[WhiteElo "2152"]
[BlackElo "1820"]
[PlyCount "85"]
[EventDate "2025.03.01"]
[EventType "swiss (rapid)"]
[EventRounds "11"]
[EventCountry "ENG"]
[SourceTitle "BritBase"]
[Source "John Saunders"]
[SourceDate "2025.03.03"]
[SourceVersion "1"]
[SourceVersionDate "2025.03.03"]
[SourceQuality "2"]

1. e4 e5 2. Nf3 d6 3. d4 exd4 4. Nxd4 g6 5. Be3 Bg7 6. Nc3 Nf6 7. Be2 Nc6 8. O-O O-O 9. f3 Re8 10. Qd2 d5 11. Nxc6 bxc6 12. Bg5 d4 13. Nd1 a5 14. Nf2 Qd6 15. Nd3 Nd7 16. Bf4 Ne5 17. Nxe5 Bxe5 18. Bxe5 Qxe5 19. Rad1 c5 20. Bb5 Re7 21. Bc6 Ra6 22. Bd5 Be6 23. Bxe6 Rexe6 24. Qd3 g5 25. g3 Rh6 26. Rd2 Qe6 27. Rg2 Qxa2 28. b3 a4 29. f4 g4 30. Qb5 axb3 31. cxb3 Qa5 32. Qe8+ Kg7 33. Qe5+ Raf6 34. f5 Qc3 35. Kh1 Qxb3 36. Qf4 Ra6 37. e5 Qd5 38. f6+ Kh8 39. Qxh6 Qxg2+ 40. Kxg2 Ra2+ 41. Kg1 Rg2+ 42. Kxg2 d3 43. Qf8# 1-0

[Event "British Rapidplay"]
[Site "Peterborough"]
[Date "2025.03.01"]
[Round "2.39"]
[White "Lapidus, Alexey M"]
[Black "Davis, Colin J"]
[Result "0-1"]
[WhiteElo "1937"]
[BlackElo "1987"]
[PlyCount "120"]
[EventDate "2025.03.01"]
[EventType "swiss (rapid)"]
[EventRounds "11"]
[EventCountry "ENG"]
[SourceTitle "BritBase"]
[Source "John Saunders"]
[SourceDate "2025.03.03"]
[SourceVersion "1"]
[SourceVersionDate "2025.03.03"]
[SourceQuality "2"]

1. e4 d6 2. d4 Nf6 3. Nc3 g6 4. f4 Bg7 5. Nf3 O-O 6. Bd3 Nc6 7. O-O e5 8. d5 Ne7 9. fxe5 dxe5 10. Bg5 h6 11. Bh4 Nh5 12. Bc4 Qd6 13. Bf2 a6 14. Nh4 b5 15. Bb3 Nf4 16. Ne2 Bg4 17. Nf3 Nh3+ 18. Kh1 Nxf2+ 19. Rxf2 f5 20. Ng3 f4 21. Nf1 g5 22. h3 Bd7 23. N1h2 a5 24. a4 b4 25. Nd2 Kh8 26. Nc4 Qc5 27. Rd2 Nc8 28. Rd3 Ra6 29. Qg1 Qe7 30. Nd2 h5 31. Qd1 Be8 32. c3 Rh6 33. Ndf1 Nd6 34. Qe2 Bg6 35. Nd2 g4 36. Rg1 Qd7 37. Bc2 Bf6 38. c4 Nb7 39. Nb3 Be7 40. Rf1 Bd6 41. Bd1 Qh7 42. Bc2 Bxe4 43. Rd2 Bxc2 44. Rxc2 gxh3 45. gxh3 e4 46. c5 f3 47. Qd1 Be5 48. c6 Nd6 49. Nd4 Nf5 50. Nhxf3 Ng3+ 51. Kg1 Nxf1 52. Nxe5 Ne3 53. Qe2 Qg7+ 54. Ng4 Nxg4 55. hxg4 Qxd4+ 56. Kg2 Rg6 57. Kh1 Rxg4 58. Rc1 Rh4+ 59. Kg2 Rg8+ 60. Kf1 Rh1# 0-1

[Event "British Rapidplay"]
[Site "Peterborough"]
[Date "2025.03.01"]
[Round "2.40"]
[White "He, Tom Junde"]
[Black "Keerthi Kumar, Advait"]
[Result "1-0"]
[WhiteElo "2053"]
[BlackElo "1823"]
[PlyCount "81"]
[EventDate "2025.03.01"]
[EventType "swiss (rapid)"]
[EventRounds "11"]
[EventCountry "ENG"]
[SourceTitle "BritBase"]
[Source "John Saunders"]
[SourceDate "2025.03.03"]
[SourceVersion "1"]
[SourceVersionDate "2025.03.03"]
[SourceQuality "2"]

1. d4 Nf6 2. c4 g6 3. h4 d6 4. Nc3 Bg7 5. e4 O-O 6. Be2 h5 7. Be3 e5 8. d5 Nbd7 9. Nf3 Nc5 10. Ng5 a6 11. b4 Ncd7 12. c5 a5 13. a3 axb4 14. axb4 Rxa1 15. Qxa1 Re8 16. cxd6 cxd6 17. Bb5 Ng4 18. Bd2 Qf6 19. f3 Nh6 20. Be3 Qe7 21. O-O Rf8 22. Qc1 Nf6 23. Ne2 Nh7 24. Nh3 Bxh3 25. gxh3 Qxh4 26. Bxh6 Bxh6 27. Qxh6 Ng5 28. Bd7 Ra8 29. Kg2 Rd8 30. Bg4 Ra8 31. Rc1 Nh7 32. Rc8+ Rxc8 33. Bxc8 Qd8 34. Bxb7 g5 35. Qxh5 Qb6 36. Bc8 Qe3 37. Ng1 Qd2+ 38. Kh1 Qxb4 39. Bf5 Nf8 40. Qxg5+ Kh8 41. h4 1-0

[Event "British Rapidplay"]
[Site "Peterborough"]
[Date "2025.03.01"]
[Round "2.41"]
[White "Nezis, Anastasios"]
[Black "Brett, Andrew R"]
[Result "0-1"]
[WhiteElo "1891"]
[BlackElo "2060"]
[PlyCount "64"]
[EventDate "2025.03.01"]
[EventType "swiss (rapid)"]
[EventRounds "11"]
[EventCountry "ENG"]
[SourceTitle "BritBase"]
[Source "John Saunders"]
[SourceDate "2025.03.03"]
[SourceVersion "1"]
[SourceVersionDate "2025.03.03"]
[SourceQuality "2"]

1. Nf3 d6 2. c4 e5 3. Nc3 f5 4. e4 Nf6 5. Qc2 fxe4 6. Nxe4 Nc6 7. h3 Be7 8. d3 Bf5 9. Be2 Qd7 10. Bd2 h6 11. b4 O-O 12. Ng3 Bh7 13. Qb3 Kh8 14. O-O e4 15. dxe4 Nxe4 16. Nxe4 Bxe4 17. Qe3 Bxf3 18. Bxf3 Bg5 19. Qc3 Bxd2 20. Qxd2 Rxf3 21. gxf3 Qxh3 22. f4 Qg4+ 23. Kh2 Rf8 24. Rg1 Qh4+ 25. Kg2 Rxf4 26. Qe3 Ne5 27. Kf1 Rf3 28. Qe2 Qh3+ 29. Ke1 Nd3+ 30. Kd1 Nxf2+ 31. Kc2 Qf5+ 32. Kb2 Nd3+ 0-1

[Event "British Rapidplay"]
[Site "Peterborough"]
[Date "2025.03.01"]
[Round "2.42"]
[White "Sivanandan, Bodhana"]
[Black "Middleton, Thomas"]
[Result "1-0"]
[WhiteElo "2073"]
[BlackElo "1976"]
[PlyCount "101"]
[EventDate "2025.03.01"]
[EventType "swiss (rapid)"]
[EventRounds "11"]
[EventCountry "ENG"]
[SourceTitle "BritBase"]
[Source "John Saunders"]
[SourceDate "2025.03.03"]
[SourceVersion "1"]
[SourceVersionDate "2025.03.03"]
[SourceQuality "2"]

1. e4 e5 2. Nf3 Nc6 3. Nc3 Nf6 4. d4 exd4 5. Nxd4 Bb4 6. Nxc6 bxc6 7. Bd3 d5 8. exd5 cxd5 9. O-O O-O 10. h3 c6 11. Qf3 h6 12. Bf4 Bd6 13. Ne2 Rb8 14. b3 Bxf4 15. Nxf4 Qd6 16. c4 d4 17. Qg3 Rd8 18. Rae1 c5 19. Nh5 Qxg3 20. Nxf6+ gxf6 21. fxg3 Kg7 22. Re7 Rb7 23. Rfe1 Rxe7 24. Rxe7 Rd7 25. Re8 Rc7 26. Kf2 f5 27. Rd8 Kf6 28. Kf3 Ke7 29. Rh8 Rc6 30. Kf4 Bd7 31. Ra8 Ra6 32. a4 Rb6 33. Rxa7 Kd6 34. Bc2 d3 35. Bxd3 Rxb3 36. Bxf5 Bxf5 37. Kxf5 Rxg3 38. Rxf7 Rxg2 39. Rf6+ Ke7 40. Rxh6 Ra2 41. Ke5 Rxa4 42. Kd5 Ra1 43. Kxc5 Rh1 44. Kc6 Kd8 45. c5 Rh2 46. Rh8+ Ke7 47. Kc7 Rc2 48. c6 Rb2 49. h4 Kf7 50. h5 Kg7 51. Rd8 1-0

[Event "British Rapidplay"]
[Site "Peterborough"]
[Date "2025.03.01"]
[Round "2.43"]
[White "Davies, Peter L"]
[Black "Birtwistle, Nigel"]
[Result "0-1"]
[WhiteElo "1895"]
[BlackElo "2025"]
[PlyCount "88"]
[EventDate "2025.03.01"]
[EventType "swiss (rapid)"]
[EventRounds "11"]
[EventCountry "ENG"]
[SourceTitle "BritBase"]
[Source "John Saunders"]
[SourceDate "2025.03.03"]
[SourceVersion "1"]
[SourceVersionDate "2025.03.03"]
[SourceQuality "2"]

1. e4 c5 2. Nc3 g6 3. g3 Bg7 4. Bg2 Nc6 5. d3 d6 6. f4 Rb8 7. a4 e6 8. Nf3 Nge7 9. O-O O-O 10. Be3 Nd4 11. Rb1 Bd7 12. Qd2 a6 13. g4 f5 14. gxf5 gxf5 15. Kh1 Kh8 16. Bh3 Qe8 17. Qf2 Nxf3 18. Qxf3 Bxa4 19. Nxa4 Qxa4 20. c4 Qc6 21. Bg2 Rbe8 22. Qf2 Qd7 23. d4 cxd4 24. Bxd4 Nc6 25. Bxg7+ Qxg7 26. Rfd1 Rd8 27. b4 fxe4 28. b5 Ne5 29. Qh4 Qg4 30. Qxg4 Nxg4 31. Rf1 Ne3 32. Rf2 d5 33. c5 Rc8 34. c6 bxc6 35. bxa6 Ra8 36. Rb6 c5 37. Bh3 e5 38. f5 c4 39. f6 c3 40. Ra2 c2 41. Rc6 Rxf6 42. Raxc2 Rxa6 43. Rxf6 Rxf6 44. Re2 d4 0-1

[Event "British Rapidplay"]
[Site "Peterborough"]
[Date "2025.03.01"]
[Round "2.44"]
[White "Davison, Chris"]
[Black "Balmond, Tom"]
[Result "1-0"]
[WhiteElo "1997"]
[BlackElo "1708"]
[PlyCount "51"]
[EventDate "2025.03.01"]
[EventType "swiss (rapid)"]
[EventRounds "11"]
[EventCountry "ENG"]
[SourceTitle "BritBase"]
[Source "John Saunders"]
[SourceDate "2025.03.03"]
[SourceVersion "1"]
[SourceVersionDate "2025.03.03"]
[SourceQuality "2"]

1. d4 d5 2. c4 c6 3. Nf3 Nf6 4. e3 e6 5. Bd3 Nbd7 6. O-O dxc4 7. Bxc4 b5 8. Bd3 a6 9. a4 Bb7 10. Nc3 Bd6 11. e4 e5 12. Bg5 exd4 13. Nxd4 O-O 14. Nf5 Ne5 15. Bc2 Bc7 16. Qe2 Qb8 17. Bxf6 gxf6 18. Qh5 Bc8 19. Nh6+ Kh8 20. f4 Ng6 21. e5 fxe5 22. f5 Nf4 23. Rxf4 exf4 24. Nxf7+ Kg7 25. Bb3 bxa4 26. Qg5# 1-0

[Event "British Rapidplay"]
[Site "Peterborough"]
[Date "2025.03.01"]
[Round "2.45"]
[White "Bin-Suhayl, Yousuf"]
[Black "Ansari, Athar"]
[Result "1/2-1/2"]
[WhiteElo "1897"]
[BlackElo "1954"]
[PlyCount "101"]
[EventDate "2025.03.01"]
[EventType "swiss (rapid)"]
[EventRounds "11"]
[EventCountry "ENG"]
[SourceTitle "BritBase"]
[Source "John Saunders"]
[SourceDate "2025.03.03"]
[SourceVersion "1"]
[SourceVersionDate "2025.03.03"]
[SourceQuality "2"]

1. Nf3 g6 2. c4 Bg7 3. Nc3 d6 4. d4 e6 5. Bf4 Nd7 6. e3 Ne7 7. h4 h6 8. Bd3 O-O 9. Qc2 e5 10. Bg3 f5 11. dxe5 dxe5 12. Be2 e4 13. Nd4 Bxd4 14. exd4 c6 15. Bf4 Kh7 16. O-O-O Nf6 17. g4 Nxg4 18. Bxg4 fxg4 19. Qxe4 Bf5 20. Qe3 Re8 21. Rhe1 Qd7 22. Ne4 Ng8 23. Be5 Bxe4 24. Qxe4 Qf5 25. Qf4 Qxf4+ 26. Bxf4 Nf6 27. Be5 Nd7 28. Bg3 Kg7 29. Kd2 Kf7 30. Bf4 h5 31. Re3 Rxe3 32. Kxe3 Re8+ 33. Kd3 b6 34. Bg5 Nf6 35. f3 gxf3 36. Rf1 Ng4 37. Rxf3+ Ke6 38. Rf4 b5 39. Re4+ Kd7 40. Rxe8 Kxe8 41. Kc3 Kd7 42. cxb5 cxb5 43. Kb4 Kc6 44. d5+ Kxd5 45. Kxb5 Ne5 46. Ka6 Nc6 47. Be3 Nb4+ 48. Kxa7 Nxa2 49. Bd2 Kc4 50. Kb6 Kb3 51. Kc6 1/2-1/2

[Event "British Rapidplay"]
[Site "Peterborough"]
[Date "2025.03.01"]
[Round "2.46"]
[White "Pilley, Jack"]
[Black "Reghu, Jyothika U"]
[Result "1-0"]
[WhiteElo "1975"]
[BlackElo "1767"]
[PlyCount "103"]
[EventDate "2025.03.01"]
[EventType "swiss (rapid)"]
[EventRounds "11"]
[EventCountry "ENG"]
[SourceTitle "BritBase"]
[Source "John Saunders"]
[SourceDate "2025.03.03"]
[SourceVersion "1"]
[SourceVersionDate "2025.03.03"]
[SourceQuality "2"]

1. e4 Nf6 2. Nc3 d5 3. exd5 Nxd5 4. d4 Bf5 5. Nxd5 Qxd5 6. Nf3 Qe4+ 7. Be3 e6 8. Bd3 Bb4+ 9. Ke2 Qc6 10. Bxf5 exf5 11. c3 Bd6 12. Qd3 f4 13. d5 Qa6 14. Qxa6 Nxa6 15. Bd4 O-O 16. Kd3 f6 17. Rhe1 Rfe8 18. b4 Kf7 19. Nd2 c5 20. dxc6 bxc6 21. Rxe8 Kxe8 22. Nc4 Bc7 23. a4 Rd8 24. Ke4 Bb8 25. b5 c5 26. bxa6 cxd4 27. cxd4 f5+ 28. Kd3 Kd7 29. d5 Ke7 30. Kd4 f3 31. g3 Kf6 32. Re1 Bc7 33. Re6+ Kf7 34. Re3 Bb6+ 35. Nxb6 axb6 36. Rb3 Ra8 37. Rxb6 Ke7 38. Kc5 g5 39. Rb7+ Kf6 40. a7 Ke5 41. Kb6 Kxd5 42. Rb8 Rxa7 43. Kxa7 Ke4 44. Re8+ Kd3 45. a5 Kd4 46. a6 Kd5 47. Kb6 Kd4 48. a7 Kd5 49. a8=Q+ Kd4 50. Qd8+ Kc3 51. Re3+ Kb4 52. Qd4# 1-0

[Event "British Rapidplay"]
[Site "Peterborough"]
[Date "2025.03.01"]
[Round "2.47"]
[White "Brown, Chris"]
[Black "Bin-Suhayl, Ieysaa"]
[Result "0-1"]
[WhiteElo "1617"]
[BlackElo "2219"]
[PlyCount "76"]
[EventDate "2025.03.01"]
[EventType "swiss (rapid)"]
[EventRounds "11"]
[EventCountry "ENG"]
[SourceTitle "BritBase"]
[Source "John Saunders"]
[SourceDate "2025.03.03"]
[SourceVersion "1"]
[SourceVersionDate "2025.03.03"]
[SourceQuality "2"]

1. e4 e5 2. Nf3 Nc6 3. d4 exd4 4. Nxd4 Nf6 5. Nc3 Bb4 6. Nxc6 bxc6 7. Bd3 d5 8. exd5 Qe7+ 9. Qe2 Qxe2+ 10. Bxe2 cxd5 11. Bb5+ Bd7 12. Bxd7+ Kxd7 13. O-O Bxc3 14. bxc3 Rhe8 15. Be3 Ng4 16. Bd4 f6 17. Rab1 Kc6 18. h3 Nh6 19. Rfe1 Rxe1+ 20. Rxe1 Kd6 21. Rb1 Nf5 22. Kf1 c5 23. Be3 Kc6 24. Bf4 g5 25. Bh2 Re8 26. Rb3 a5 27. c4 Nd4 28. cxd5+ Kxd5 29. Rb6 Nxc2 30. Rd6+ Kc4 31. Rd1 f5 32. Rc1 Kc3 33. g4 f4 34. Bg1 c4 35. f3 Kd2 36. Rb1 Re1+ 37. Rxe1 Nxe1 38. Bc5 c3 0-1

[Event "British Rapidplay"]
[Site "Peterborough"]
[Date "2025.03.01"]
[Round "2.48"]
[White "Clarke, James"]
[Black "Pearson, Charlie"]
[Result "1-0"]
[WhiteElo "1941"]
[BlackElo "1668"]
[PlyCount "47"]
[EventDate "2025.03.01"]
[EventType "swiss (rapid)"]
[EventRounds "11"]
[EventCountry "ENG"]
[SourceTitle "BritBase"]
[Source "John Saunders"]
[SourceDate "2025.03.03"]
[SourceVersion "1"]
[SourceVersionDate "2025.03.03"]
[SourceQuality "2"]

1. e4 c5 2. Nf3 e6 3. d4 cxd4 4. Nxd4 Nc6 5. Nc3 Bc5 6. Nb3 Bb6 7. Qe2 d6 8. Be3 Bxe3 9. Qxe3 Nf6 10. O-O-O O-O 11. f4 Qe7 12. Be2 a6 13. g4 e5 14. f5 h6 15. h4 Nh7 16. Nd5 Qd8 17. Rdg1 f6 18. Bc4 Kh8 19. g5 fxg5 20. hxg5 b5 21. gxh6 gxh6 22. Qxh6 Rf7 23. Nf6 Qxf6 24. Qxf6+ 1-0